00727pam a2200229 a 4500001000800000005001700008008004100025010001700066020001500083040001800098041000800116080001400124082001800138100000700156101000800163245008600171504005300257906004500310942001200355999001700367952011300384235175920180208042227.0831214s1984 nyu b 001 0 eng  a 83026281  a082477096X aDLCcDLCdDLC aeng a658.4 RAB00a658.4 RAB219 a54 aMEN00aManaging administration /c[edited by] Jack Rabin, Samuel Humes, Brian S. Morgan. aIncludes bibliographical references and indexes. a7bcbccorignewd1eocipf19gy-gencatlg 2ddccBK c42098d42098 00102udc40708PËKGa002b002cPËKGd2018-02-08l0o658.4 RABp002-2998917r2018-02-08w2018-02-08yBK